000
00305nam a22001337a 4500
008
180125b xxu||||| |||| 00| 0 eng d
020
_a
9780155012370
041
_a
eng
080
_a
82
100
_a
21
101
_a
ghu
245
_a
harbrace college workbook from 12a
_c
larry.g.m
942
_2
udc
_c
BK
999
_c
40898
_d
40898